この「☆」何の星? - Statistics

General Stats
  • This quiz has been taken 35 times
  • The average score is 25 of 84
Answer Stats
Picture Answer % Correct
{アメリカ}合衆国国旗
100%
ヒトデ
100%
スターバックス
97%
株式会社{SUBARU}
91%
サッポロビール
84%
うる星やつら
81%
ヨシフ・{スターリン}
81%
{ベビースター}ラーメン
78%
ヒトデマン
78%
ドラゴンボール
75%
株式会社{タミヤ}
66%
スターフルーツ
66%
推しの子
63%
寝台特急{カシオペア}
56%
星乃珈琲店
56%
{ワープスター}(カービィ)
53%
IGR{いわて銀河鉄道}
50%
レールスター
47%
{北海道}旗
44%
{ブラックホール}の影
44%
ジェットスター
44%
{ヨルダン}・ハシミテ王国国旗
44%
{ブルンジ}共和国国旗
44%
スタフィー
44%
{ユーゴスラビア}社会主義連邦共和国国旗
41%
{カード売り場駅}(桃太郎電鉄)
41%
スリーエフ
41%
{テリー}(餓狼伝説)
41%
セブンスター
41%
{スロベニア}共和国国章
34%
ななつ星in九州
34%
{エチオピア}連邦民主共和国国章
31%
{銀河}(急行)
31%
ハイネケン
31%
ソラカラちゃん
31%
星たべよ
31%
ネザースター
28%
グランドスター
28%
{レインボースター}(スーパーマリオギャラクシー)
28%
寝台特急
25%
ユーロスター
25%
{花火}の星(Minecraft)
25%
{余市}市旗
22%
{ベガ}(地球の歳差運動の図)
22%
{函館}市旗
19%
らき☆すた
19%
{和歌山}市旗
19%
スターアライアンス
19%
ホッシー
16%
{旭川}市旗
16%
{毛利}氏家紋(一文字三星)
13%
毎日新聞
13%
北越急行
13%
{地球連邦軍}紋章(ガンダム)
13%
コンバース
13%
{長野電鉄}社章
13%
{ズター}(マリオパーティ)
13%
寝台特急{金星}
9%
{白色矮星}(↑:HR図)
9%
{福島}市旗
6%
寝台特急{明星}
6%
{西宮}市章
6%
{北大阪急行8000}形(ポールスター)
6%
{ソロ}(寝台特急)
3%
{ロビーカー}(北斗星)
3%
{長崎}市旗
3%
{北九州}市旗
3%
{青森}市旗
3%
{横須賀}市旗
3%
{裾野}市旗
3%
{田辺}市旗
3%
{佐原}市旗(旧)
3%
{香南}市旗
3%
{稚内}市旗
3%
{スターウォーズ}計画
3%
快速{ミッドナイト}
3%
{沖縄民政府}旗(行政機構・1946~1950)
3%
STAR21
3%
{小樽}市旗
0%
{釧路}市旗
0%
{呉}市旗
0%
{芦別}市旗
0%
{活動銀河核}統一モデル
0%
{奥羽越列藩同盟}旗
0%
No matching quizzes found
Score Distribution
Percent of People with Each Score
Percentile by Number Answered
Your Score History
You have not taken this quiz